Formule 1 - Classement pilotes 2024 - Statistiques

Statistiques générales
  • Ce quiz a été pris 584 fois
  • Le résultat moyen est 16 sur 24
Statistiques - réponses
Rang Points Pilotes % Correct
1 437 Max Verstappen
100%
2 374 Lando Norris
97%
3 356 Charles Leclerc
96%
4 292 Oscar Piastri
95%
5 290 Carlos Sainz
91%
7 223 Lewis Hamilton
89%
6 245 George Russell
86%
8 152 Sergio Perez
84%
9 70 Fernando Alonso
77%
10 42 Pierre Gasly
76%
14 23 Esteban Ocon
66%
11 41 Niko Hülkenberg
61%
13 24 Lance Stroll
60%
12 30 Yuki Tsunoda
60%
22 0 Valterri Bottas
57%
15 16 Kevin Magnussen
54%
16 12 Alexander Albon
53%
20 4 Guanyu Zhou
53%
18 7 Oliver Bearman
50%
17 12 Daniel Ricciardo
48%
23 0 Logan Sargeant
48%
19 5 Franco Colapinto
47%
21 4 Liam Lawson
45%
24 0 Jack Doohan
39%
Aucun quiz correspondant
Distribution des résultats
% des personnes avec chaque résultat
Percentile par nombre de réponses
Votre historique - résultats
Vous n’avez pas pris ce quiz